000 00328nam a22001457a 4500
008 230206b ||||| |||| 00| 0 eng d
020 _a9780321287363
041 _aeng
080 _2FOURTH EDITION
_a51
082 _a51LON
100 _a20
101 _aMATE
245 _aMATHEMATICAL REASONING
_cLONG T C
942 _2udc
_cBK
999 _c59304
_d59304